Vývoj obchodných a marketingových koncepcií v oblasti informačných technológií bakalárska práca

Uložené v:
Podrobná bibliografia
Hlavný autor: Ramaj, Samuel
Korporativný autor: Obchodná fakulta EU. Katedra marketingu
Ďalší autori: Filo, Peter
Médium: Kniha
Jazyk:Slovak
Vydavateľské údaje: Bratislava 2018
Tagy: Pridať tag
Žiadne tagy, Buďte prvý, kto otaguje tento záznam!

MARC

LEADER 00000nbm a2200000 4500
001 0244989
005 20180815091156.3
041 0 |a slo 
044 |a SK 
245 1 0 |a Vývoj obchodných a marketingových koncepcií v oblasti informačných technológií  |b bakalárska práca  |c Samuel Ramaj ; školiteľ: Peter Filo 
264 1 |a Bratislava  |c 2018 
300 |a 46 s. 
100 1 |a Ramaj, Samuel 
700 1 |a Filo, Peter 
710 2 |a Obchodná fakulta EU. Katedra marketingu